000 00319nam a22001337a 4500
020 _a4-274-03020-2
082 _a621.3692 OPT'S
100 _aSUEMATSU, Y
_967480
245 _aOPTICAL DEVICES AND FIBERS
260 _aTOKYO
_bOHM
_c1984
300 _a337P
650 _aOPTICAL DEVICES AND FIBERS
_967481
942 _cBK
999 _c575254
_d575254